00724nam a2200277Ia 4500008004000000041000800040082001200048100001600060245006400076260003900140650001300179650000800192650001100200650001000211650000900221650000700230650000700237650000600244650001300250650001100263650000600274690001200280906001100292999001900303952012400322210210b1905 xxu||||| |||| 00| 0 eng d aeng a516/125 aROUTH (E J) aTreatise on the dynamics of a system of rigid bodies Part I aLondonbMacmillan & Co. Ltd.c1905 aTreatise athe asystem arigid aPart aon aof aI adynamics abodies aa astatics a007841 c140699d140699 001040708MathematicsaALbALcMathematicsd2021-02-17g0.00l0o516/125p007841r2021-02-17 00:00:00w2021-02-17yBK